[Event "BRA-ch (Women) 62nd"]
[Site "Timbo"]
[Date "2023.11.01"]
[Round "5"]
[White "Campagnolo, Fabiola"]
[Black "Jurado, Laura Alves"]
[Result "0-1"]
[WhiteElo "1689"]
[BlackElo "1276"]
[PlyCount "58"]
[EventDate "2023.10.29"]
[EventType "swiss"]
[EventRounds "9"]
[EventCountry "BRA"]
[SourceTitle "Mega2024 Update 01"]
[Source "Chessbase"]
[SourceDate "2023.11.12"]
[SourceVersion "1"]
[SourceVersionDate "2023.11.12"]
[SourceQuality "1"]

1. e4 c6 2. d4 d5 3. Nc3 dxe4 4. Nxe4 Nf6 5. Nxf6+ exf6 6. c3 Bd6 7. Bd3 0-0 8. Ne2 Re8 9. 0-0 Nd7 10. Qc2 h5 11. Be3 h4 12. Rad1 Nf8 13. c4 Be6 14. Nf4 Qc7 15. g3 hxg3 16. hxg3 Bg4 17. Be2 Qd7 18. Bxg4 Qxg4 19. Kg2 Bxf4 20. Bxf4 Re2 21. Qc3 Ng6 22. Be3 Re8 23. Rd3 Nh4+ 24. Kh2 Qf3 25. gxh4 Re4 26. Bg5 Rxf2+ 27. Rxf2 Qxf2+ 28. Kh3 fxg5 29. Rg3 Rxh4# 0-1

[Event "Florianopolis op-C"]
[Site "Florianopolis"]
[Date "2023.09.23"]
[Round "2"]
[White "Campagnolo, Fabiola"]
[Black "Pontes, Luiz Felizola Lima"]
[Result "1-0"]
[WhiteElo "1659"]
[BlackElo "1456"]
[PlyCount "101"]
[EventDate "2023.09.22"]
[EventType "swiss"]
[EventRounds "6"]
[EventCountry "BRA"]
[SourceTitle "EXT 2024"]
[Source "ChessBase"]
[SourceDate "2023.10.10"]
[SourceVersion "1"]
[SourceVersionDate "2023.10.10"]
[SourceQuality "1"]

1. e4 c5 2. Nf3 d6 3. d4 cxd4 4. Qxd4 Nc6 5. Bb5 Bd7 6. Bxc6 Bxc6 7. Nc3 Nf6 8. 0-0 g6 9. Nd5 Bg7 10. Bg5 Bxd5 11. exd5 0-0 12. Rfe1 Re8 13. c3 Qa5 14. Bxf6 Bxf6 15. Qd3 Rac8 16. Nd2 Rc5 17. Ne4 Rcc8 18. Nxf6+ exf6 19. a3 Re5 20. Rad1 Rce8 21. Rxe5 Rxe5 22. Kf1 Qb6 23. Rd2 a5 24. c4 Qc5 25. Qc3 b6 26. b4 Qc7 27. Rd3 Re4 28. Rd4 axb4 29. axb4 Re8 30. f3 f5 31. Rd1 b5 32. c5 Rc8 33. c6 Re8 34. Re1 Rxe1+ 35. Kxe1 h5 36. Ke2 f4 37. Qf6 Qa7 38. Qxf4 Qa2+ 39. Qd2 Qc4+ 40. Ke3 Qb3+ 41. Ke2 Qc4+ 42. Kd1 Qf1+ 43. Kc2 Qc4+ 44. Kb2 f6 45. Qc3 Qe2+ 46. Ka3 Qe8 47. c7 Qa8+ 48. Kb2 Qc8 49. Qc6 Kh7 50. Qxd6 Qe8 51. Qe6 1-0

[Event "Florianopolis op-C"]
[Site "Florianopolis"]
[Date "2023.09.23"]
[Round "3"]
[White "Gomes, Joao Paulo Santos"]
[Black "Campagnolo, Fabiola"]
[Result "0-1"]
[WhiteElo "1518"]
[BlackElo "1659"]
[PlyCount "66"]
[EventDate "2023.09.22"]
[EventType "swiss"]
[EventRounds "6"]
[EventCountry "BRA"]
[SourceTitle "EXT 2024"]
[Source "ChessBase"]
[SourceDate "2023.10.10"]
[SourceVersion "1"]
[SourceVersionDate "2023.10.10"]
[SourceQuality "1"]

1. c4 e5 2. g3 g6 3. Bg2 Nc6 4. e4 Bg7 5. Nc3 d6 6. Nge2 Be6 7. d3 Qd7 8. Nd5 Nce7 9. 0-0 c6 10. Ne3 Bh3 11. Rb1 h5 12. Kh1 h4 13. Ng1 Bxg2+ 14. Nxg2 hxg3 15. fxg3 Nf6 16. Qf3 0-0-0 17. Ne3 Rh7 18. Kg2 Rdh8 19. h3 Rf8 20. Bd2 Ne8 21. g4 Nc7 22. g5 Ne6 23. Ng4 Nd4 24. Qf2 Ng8 25. Nf6 Nxf6 26. gxf6 Bh6 27. Bxh6 Rxh6 28. b4 Rfh8 29. Qg3 Qe6 30. Qg4 Qxg4+ 31. hxg4 Rh2+ 32. Kg3 Ne2+ 33. Nxe2 R8h3# 0-1

[Event "Niteroi op 3rd"]
[Site "Niteroi"]
[Date "2023.09.10"]
[Round "9"]
[White "Campagnolo, Fabiola"]
[Black "Pessoa, Vitor Henrique Leop"]
[Result "1/2-1/2"]
[WhiteElo "1659"]
[BlackElo "1527"]
[PlyCount "57"]
[EventDate "2023.09.04"]
[EventType "swiss"]
[EventRounds "9"]
[EventCountry "BRA"]
[SourceTitle "EXT 2024"]
[Source "ChessBase"]
[SourceDate "2023.10.10"]
[SourceVersion "1"]
[SourceVersionDate "2023.10.10"]
[SourceQuality "1"]

1. e4 c5 2. Nf3 Nc6 3. d4 cxd4 4. Nxd4 Nf6 5. Nc3 e5 6. Nb3 Bb4 7. Bg5 0-0 8. Bd3 d6 9. 0-0 Bxc3 10. bxc3 Be6 11. f4 Qb6+ 12. Kh1 Ne8 13. f5 Bxb3 14. cxb3 f6 15. Bd2 Ne7 16. Bc4+ d5 17. Bxd5+ Nxd5 18. exd5 Qd6 19. c4 b6 20. Qe1 Rf7 21. Bb4 Qd7 22. d6 Qc6 23. Rd1 Rd7 24. Rf3 Rad8 25. Rfd3 Kf7 26. Qd2 Qe4 27. Rf1 Qc6 28. Rd1 Qe4 29. Rf1 1/2-1/2

[Event "Niteroi op 3rd"]
[Site "Niteroi"]
[Date "2023.09.09"]
[Round "8"]
[White "Haddad Filho, Paulo Ibrahim"]
[Black "Campagnolo, Fabiola"]
[Result "1-0"]
[WhiteElo "1864"]
[BlackElo "1659"]
[PlyCount "105"]
[EventDate "2023.09.04"]
[EventType "swiss"]
[EventRounds "9"]
[EventCountry "BRA"]
[SourceTitle "EXT 2024"]
[Source "ChessBase"]
[SourceDate "2023.10.10"]
[SourceVersion "1"]
[SourceVersionDate "2023.10.10"]
[SourceQuality "1"]

1. e4 c5 2. Nf3 a6 3. b4 cxb4 4. d4 d5 5. e5 Bg4 6. h3 Bh5 7. Bd3 e6 8. Be3 Nc6 9. Nbd2 Nge7 10. Rb1 Bg6 11. Nb3 Bxd3 12. Qxd3 Nf5 13. Bg5 Qc7 14. g4 Nfe7 15. c3 Ng6 16. h4 bxc3 17. h5 Nb4 18. Qe2 c2 19. Rc1 Qc3+ 20. Bd2 Nd3+ 21. Kf1 Nxc1 22. Nxc1 Qc6 23. hxg6 fxg6 24. Qd3 Rc8 25. Rxh7 Rxh7 26. Qxg6+ Kd7 27. Qxh7 Re8 28. Qg6 Qc4+ 29. Kg2 b5 30. Qf7+ Be7 31. Ng5 Qc6 32. Qxg7 Qb6 33. Nf3 a5 34. Qh7 Rc8 35. g5 b4 36. Qd3 a4 37. Ne1 Qc6 38. f4 Qc4 39. Kf3 Rb8 40. Nxc2 Qxd3+ 41. Nxd3 b3 42. axb3 axb3 43. Ne3 b2 44. Nxb2 Rxb2 45. Be1 Rb1 46. Bd2 Bb4 47. Bxb4 Rxb4 48. g6 Ke7 49. f5 Rxd4 50. f6+ Kf8 51. Ng4 Rd3+ 52. Kg2 Rd2+ 53. Kf1 1-0

[Event "Niteroi op 3rd"]
[Site "Niteroi"]
[Date "2023.09.07"]
[Round "5"]
[White "Campagnolo, Fabiola"]
[Black "Leao, Flavio Sanchez"]
[Result "1-0"]
[WhiteElo "1659"]
[BlackElo "1838"]
[PlyCount "55"]
[EventDate "2023.09.04"]
[EventType "swiss"]
[EventRounds "9"]
[EventCountry "BRA"]
[SourceTitle "EXT 2024"]
[Source "ChessBase"]
[SourceDate "2023.10.10"]
[SourceVersion "1"]
[SourceVersionDate "2023.10.10"]
[SourceQuality "1"]

1. d4 Nf6 2. e3 e6 3. Bd3 d5 4. Nd2 c5 5. c3 Nc6 6. f4 Qb6 7. Ngf3 Bd6 8. Ne5 0-0 9. 0-0 cxd4 10. exd4 Nxe5 11. fxe5 Bxe5 12. Kh1 Bxd4 13. cxd4 Qxd4 14. Nb3 Qg4 15. Qe1 Nh5 16. Be2 Qg6 17. Qh4 Nf6 18. Bg5 Ne4 19. Be7 Bd7 20. Bxf8 Rxf8 21. Qh5 Qxh5 22. Bxh5 g6 23. Be2 Ba4 24. Nd4 e5 25. Bb5 exd4 26. Bxa4 d3 27. Rad1 d2 28. Bc2 1-0

[Event "Niteroi op 3rd"]
[Site "Niteroi"]
[Date "2023.09.06"]
[Round "4"]
[White "De Albuquerque, Ian Telek C"]
[Black "Campagnolo, Fabiola"]
[Result "1-0"]
[WhiteElo "2012"]
[BlackElo "1659"]
[PlyCount "69"]
[EventDate "2023.09.04"]
[EventType "swiss"]
[EventRounds "9"]
[EventCountry "BRA"]
[SourceTitle "EXT 2024"]
[Source "ChessBase"]
[SourceDate "2023.10.10"]
[SourceVersion "1"]
[SourceVersionDate "2023.10.10"]
[SourceQuality "1"]

1. e4 c5 2. Nf3 e6 3. d4 cxd4 4. Nxd4 Nc6 5. Nc3 Qc7 6. Be3 a6 7. g4 b5 8. Nxc6 Qxc6 9. Qd2 b4 10. Ne2 Qxe4 11. Rg1 d5 12. 0-0-0 Qc4 13. Kb1 Nf6 14. Nf4 Qc7 15. Bg2 Bb7 16. Rge1 0-0-0 17. f3 Bd6 18. g5 Nd7 19. Nd3 a5 20. Rc1 Ne5 21. Nxe5 Bxe5 22. f4 d4 23. Bxb7+ Kxb7 24. fxe5 dxe3 25. Qxe3 Qe7 26. c4 h6 27. c5 Rc8 28. gxh6 Rxh6 29. Qf3+ Kb8 30. c6 Rhh8 31. Qd3 Qc7 32. Qb5+ Ka8 33. Red1 Rhd8 34. Rd6 f6 35. Rcd1 1-0

[Event "Niteroi op 3rd"]
[Site "Niteroi"]
[Date "2023.09.05"]
[Round "2"]
[White "Zacarias, Rodrigo Medeiros"]
[Black "Campagnolo, Fabiola"]
[Result "0-1"]
[WhiteElo "2121"]
[BlackElo "1659"]
[PlyCount "118"]
[EventDate "2023.09.04"]
[EventType "swiss"]
[EventRounds "9"]
[EventCountry "BRA"]
[SourceTitle "EXT 2024"]
[Source "ChessBase"]
[SourceDate "2023.10.10"]
[SourceVersion "1"]
[SourceVersionDate "2023.10.10"]
[SourceQuality "1"]

1. e4 c5 2. Nf3 e6 3. d4 cxd4 4. Nxd4 Nc6 5. Nc3 Qc7 6. f4 a6 7. Be3 Bb4 8. Qg4 g6 9. 0-0-0 Nf6 10. Qg5 Be7 11. Nxc6 Qxc6 12. Qe5 b5 13. Bd3 Rg8 14. h3 Bb7 15. a3 Rc8 16. Rhe1 Nh5 17. Qd4 Bc5 18. Qxc5 Qxc5 19. Bxc5 Rxc5 20. Rf1 Ke7 21. Rf2 Nf6 22. g4 d5 23. exd5 Nxd5 24. Nxd5+ Bxd5 25. b4 Rc3 26. Kb2 Rgc8 27. f5 R3c7 28. f6+ Ke8 29. g5 Rd7 30. Rdd2 Bc4 31. Be4 Rcc7 32. Rxd7 Kxd7 33. Rd2+ Kc8 34. Rd6 Bf1 35. h4 Rc4 36. Rc6+ Kd7 37. Rxc4 Bxc4 38. Bb7 Kc7 39. Be4 Kd6 40. Kc3 Bd5 41. Bd3 e5 42. a4 bxa4 43. Bxa6 a3 44. Be2 e4 45. h5 Ke5 46. hxg6 hxg6 47. b5 Kf5 48. b6 e3 49. Bc4 Bb7 50. Bxf7 Kxg5 51. Kd3 Kxf6 52. Ba2 Ke5 53. Kxe3 g5 54. Kf2 Kd6 55. Kg3 Kc5 56. Kg4 Kxb6 57. Kxg5 Kc5 58. Kf4 Bd5 59. Bb1 Kd4 0-1

[Event "Catarinense-ch U20 Girls"]
[Site "Rio Negrinho"]
[Date "2023.03.24"]
[Round "1"]
[White "Campagnolo, Fabiola"]
[Black "Motta, Agahta dos Santos"]
[Result "1-0"]
[WhiteElo "1662"]
[BlackElo "1142"]
[PlyCount "73"]
[EventDate "2023.03.24"]
[EventType "swiss"]
[EventRounds "6"]
[EventCountry "BRA"]
[SourceTitle "CBM 213 Extra"]
[Source "ChessBase"]
[SourceDate "2023.05.31"]
[SourceVersion "1"]
[SourceVersionDate "2023.05.31"]
[SourceQuality "1"]

1. e4 c5 2. Nf3 g6 3. d4 cxd4 4. Nxd4 Bg7 5. c3 Nc6 6. Be3 Nf6 7. Nd2 Nxd4 8. cxd4 d6 9. Be2 0-0 10. 0-0 d5 11. e5 Nd7 12. Nb3 e6 13. Bd2 f6 14. Bb4 Rf7 15. f4 Bf8 16. Bd2 f5 17. a4 Nb6 18. Nc5 Bxc5 19. dxc5 Nc4 20. Bxc4 dxc4 21. Qe2 Qd3 22. Qxd3 cxd3 23. Rf3 Rc7 24. Rc1 Bd7 25. b3 Be8 26. Rxd3 Rac8 27. Be3 Bc6 28. Rcd1 Kf7 29. b4 a6 30. R1d2 h5 31. Kf1 Ke7 32. Bf2 Rd7 33. Bh4+ Kf7 34. g3 Ra8 35. Rd1 Bxa4 36. Rxd7+ Bxd7 37. Rxd7+ 1-0

[Event "Florianopolis op 9th"]
[Site "Florianopolis"]
[Date "2023.01.28"]
[Round "9"]
[White "Campagnolo, Fabiola"]
[Black "Kikuchi, Alexandre Hideki Lo"]
[Result "1/2-1/2"]
[WhiteElo "1682"]
[BlackElo "1800"]
[PlyCount "77"]
[EventDate "2023.01.23"]
[EventType "swiss"]
[EventRounds "10"]
[EventCountry "BRA"]
[SourceTitle "CBM 212 Extra"]
[Source "ChessBase"]
[SourceDate "2023.03.31"]
[SourceVersion "1"]
[SourceVersionDate "2023.03.31"]
[SourceQuality "1"]

1. e4 c5 2. Nf3 e6 3. d4 cxd4 4. Nxd4 Nc6 5. Nc3 Qc7 6. Ndb5 Qb8 7. Be3 a6 8. Nd4 Nf6 9. a3 Be7 10. Be2 0-0 11. 0-0 b5 12. f4 Bb7 13. Bf3 d6 14. g4 Nxd4 15. Bxd4 e5 16. Be3 Qc7 17. f5 Rac8 18. Qe1 Nd7 19. g5 f6 20. h4 Nb6 21. Rd1 Nc4 22. Bc1 Nxa3 23. Rf2 Nc4 24. Kh1 Qc5 25. Rd3 b4 26. Na4 Qb5 27. b3 Na5 28. Be3 Rxc2 29. Rxc2 Qxd3 30. Rc7 Bxe4 31. Rxe7 Bxf3+ 32. Kg1 Qxf5 33. Qg3 Qb1+ 34. Kf2 e4 35. Qf4 Qh1 36. Rxg7+ Kh8 37. Rxh7+ Kxh7 38. Qf5+ Kg8 39. Qg6+ 1/2-1/2

[Event "Florianopolis op 9th"]
[Site "Florianopolis"]
[Date "2023.01.27"]
[Round "7"]
[White "Campagnolo, Fabiola"]
[Black "Da Silva, Miguel Michels"]
[Result "0-1"]
[WhiteElo "1682"]
[BlackElo "1156"]
[PlyCount "69"]
[EventDate "2023.01.23"]
[EventType "swiss"]
[EventRounds "10"]
[EventCountry "BRA"]
[SourceTitle "CBM 212 Extra"]
[Source "ChessBase"]
[SourceDate "2023.03.31"]
[SourceVersion "1"]
[SourceVersionDate "2023.03.31"]
[SourceQuality "1"]

1. d4 d5 2. e3 Nf6 3. Bd3 e6 4. f4 c5 5. c3 Nc6 6. Nf3 Be7 7. 0-0 Ne4 8. Ne5 0-0 9. Rf3 f5 10. Rh3 Nxe5 11. dxe5 Qe8 12. Nd2 Bd7 13. Nf3 a6 14. a4 Qd8 15. Bd2 Be8 16. Ne1 b5 17. Bxe4 dxe4 18. axb5 axb5 19. Rxa8 Qxa8 20. Qb3 Qd5 21. Qxd5 exd5 22. Kf2 Bd7 23. Ke2 Ra8 24. Kd1 Ra1+ 25. Kc2 b4 26. Bc1 Ba4+ 27. b3 Ra2+ 28. Bb2 bxc3 29. bxa4 cxb2 30. Kb1 Ra1+ 31. Kxb2 Rxe1 32. a5 c4 33. g4 Re2+ 34. Kb1 c3 35. Rg3 0-1

[Event "Florianopolis op 9th"]
[Site "Florianopolis"]
[Date "2023.01.23"]
[Round "1"]
[White "Campagnolo, Fabiola"]
[Black "Salamanca Paraguayo, Mateo"]
[Result "1-0"]
[WhiteElo "1682"]
[BlackElo "1916"]
[PlyCount "45"]
[EventDate "2023.01.23"]
[EventType "swiss"]
[EventRounds "10"]
[EventCountry "BRA"]
[SourceTitle "CBM 212 Extra"]
[Source "ChessBase"]
[SourceDate "2023.03.31"]
[SourceVersion "1"]
[SourceVersionDate "2023.03.31"]
[SourceQuality "1"]

1. e4 c5 2. Nf3 Nc6 3. d4 cxd4 4. Nxd4 Nxd4 5. Qxd4 e6 6. Nc3 d5 7. Be2 e5 8. Qd3 Be7 9. Be3 Nf6 10. 0-0-0 0-0 11. f4 Bd7 12. f5 a5 13. g4 h6 14. h4 Nh7 15. g5 hxg5 16. hxg5 Nxg5 17. Rdg1 a4 18. Nxd5 f6 19. Bb6 Qe8 20. Bh5 Nf7 21. Qg3 g5 22. Bg6 Kg7 23. Rh7+ 1-0

[Event "Rio de Janeiro Duchamp op 4th"]
[Site "Rio de Janeiro"]
[Date "2022.12.10"]
[Round "5"]
[White "Campagnolo, Fabiola"]
[Black "Gomes, Carlos"]
[Result "1-0"]
[WhiteElo "1663"]
[BlackElo "1566"]
[PlyCount "107"]
[EventDate "2022.12.07"]
[EventType "swiss"]
[EventRounds "9"]
[EventCountry "BRA"]
[SourceTitle "CBM 211 Extra"]
[Source "ChessBase"]
[SourceDate "2023.01.31"]
[SourceVersion "1"]
[SourceVersionDate "2023.01.31"]
[SourceQuality "1"]

1. d4 d5 2. e3 Bf5 3. c4 e6 4. Qb3 b6 5. Nc3 c6 6. Nf3 Nd7 7. Bd2 Bd6 8. Rc1 h6 9. cxd5 exd5 10. Nxd5 c5 11. Bc4 Ngf6 12. Nxf6+ Qxf6 13. Bc3 Qe7 14. 0-0 0-0 15. Rfe1 Be4 16. Bd5 Bxd5 17. Qxd5 Nf6 18. Qb3 Ne4 19. dxc5 Nxc5 20. Qc2 Qe4 21. Qxe4 Nxe4 22. Red1 Rac8 23. Bd4 Bc5 24. Bxc5 Nxc5 25. Kf1 Rfd8 26. Nd4 Rc7 27. b4 Ne6 28. Nxe6 Rxd1+ 29. Rxd1 fxe6 30. Ke2 Kf7 31. Kd3 Ke7 32. Rd2 Rd7+ 33. Kc3 Rc7+ 34. Kb3 Kf6 35. Rd4 g5 36. f3 Kf5 37. Rd8 Kf6 38. a4 h5 39. Rg8 h4 40. g3 hxg3 41. hxg3 Rh7 42. f4 gxf4 43. exf4 Kf7 44. Rg5 Rh3 45. Kc3 Kf6 46. Kc4 e5 47. Rxe5 Rxg3 48. Kb5 Rg7 49. a5 bxa5 50. bxa5 Rh7 51. a6 Rh1 52. Kc6 Rb1 53. Rb5 Ra1 54. Kb7 1-0

[Event "Rio de Janeiro Duchamp op 4th"]
[Site "Rio de Janeiro"]
[Date "2022.12.09"]
[Round "3"]
[White "Campagnolo, Fabiola"]
[Black "Santos, Julio Domingues"]
[Result "1-0"]
[WhiteElo "1663"]
[BlackElo "1437"]
[PlyCount "67"]
[EventDate "2022.12.07"]
[EventType "swiss"]
[EventRounds "9"]
[EventCountry "BRA"]
[SourceTitle "CBM 211 Extra"]
[Source "ChessBase"]
[SourceDate "2023.01.31"]
[SourceVersion "1"]
[SourceVersionDate "2023.01.31"]
[SourceQuality "1"]

1. e4 c5 2. Nf3 e6 3. d3 Nc6 4. g3 Bd6 5. Bg2 Qc7 6. Nc3 a6 7. a4 Nge7 8. 0-0 0-0 9. d4 cxd4 10. Nxd4 Ne5 11. f4 N5g6 12. e5 Bc5 13. Kh1 Rd8 14. Nb3 Ba7 15. Ne4 Rb8 16. c3 Nd5 17. Qe2 b6 18. Nd6 f6 19. Nd4 Rf8 20. Bd2 Bb7 21. Nc2 a5 22. Nb5 Bc6 23. Ncd4 Rbd8 24. c4 Bxb5 25. Nxb5 Qb8 26. cxd5 exd5 27. Bxd5+ Kh8 28. exf6 Rxf6 29. Bc3 Re8 30. Qd3 Rff8 31. Qd4 Re7 32. Rae1 Rfe8 33. Nxa7 Qxa7 34. Qxg7+ 1-0

[Event "Rio de Janeiro Duchamp op 4th"]
[Site "Rio de Janeiro"]
[Date "2022.12.08"]
[Round "2"]
[White "Feller, Gabriela Luisa Vice"]
[Black "Campagnolo, Fabiola"]
[Result "1/2-1/2"]
[WhiteElo "1907"]
[BlackElo "1663"]
[PlyCount "110"]
[EventDate "2022.12.07"]
[EventType "swiss"]
[EventRounds "9"]
[EventCountry "BRA"]
[SourceTitle "CBM 211 Extra"]
[Source "ChessBase"]
[SourceDate "2023.01.31"]
[SourceVersion "1"]
[SourceVersionDate "2023.01.31"]
[SourceQuality "1"]

1. d4 Nf6 2. c4 g6 3. Nf3 Bg7 4. Nc3 d6 5. Bf4 0-0 6. h3 Nfd7 7. e3 e5 8. Bh2 Nc6 9. Be2 Kh8 10. 0-0 f5 11. dxe5 Ndxe5 12. Nd4 Nxd4 13. exd4 Nc6 14. d5 Ne5 15. Qd2 a6 16. Rae1 Qh4 17. f4 Nf7 18. Qe3 Bd7 19. Bg3 Qf6 20. Bd1 Rfe8 21. Qd2 Qd4+ 22. Qxd4 Bxd4+ 23. Bf2 Bxf2+ 24. Kxf2 Kg7 25. Kf3 Kf6 26. g3 b5 27. b3 bxc4 28. bxc4 Rab8 29. Bb3 Nd8 30. Rxe8 Bxe8 31. Re1 Nb7 32. Ba4 Bxa4 33. Nxa4 Na5 34. c5 Rb4 35. cxd6 Rxa4 36. d7 Ra3+ 37. Kf2 Rxa2+ 38. Kf3 Nb7 39. Re8 Rd2 40. d8Q+ Nxd8 41. Rxd8 Ke7 42. Ra8 Rxd5 43. Rxa6 Kd7 44. Ke3 Rd6 45. Ra3 h5 46. Rc3 c6 47. Kf3 Ke6 48. g4 fxg4+ 49. hxg4 hxg4+ 50. Kxg4 Kd5 51. Rd3+ Kc5 52. Rxd6 Kxd6 53. Kg5 c5 54. Kxg6 c4 55. f5 c3 1/2-1/2

[Event "BRA Amateur-ch U1800"]
[Site "Sao Paulo"]
[Date "2022.11.05"]
[Round "5"]
[White "Barberi, Catarina"]
[Black "Campagnolo, Fabiola"]
[Result "0-1"]
[WhiteElo "1350"]
[BlackElo "1679"]
[PlyCount "162"]
[EventDate "2022.11.03"]
[EventType "swiss"]
[EventRounds "7"]
[EventCountry "BRA"]
[SourceTitle "CBM 211 Extra"]
[Source "ChessBase"]
[SourceDate "2023.01.31"]
[SourceVersion "1"]
[SourceVersionDate "2023.01.31"]
[SourceQuality "1"]

1. d4 d5 2. c4 e6 3. Nf3 Bd6 4. g3 c6 5. Qc2 f5 6. Bg2 Nf6 7. 0-0 0-0 8. a3 a5 9. Nbd2 Ne4 10. b3 g5 11. Nxe4 dxe4 12. Nxg5 Be7 13. Nh3 Qxd4 14. Bb2 Qd8 15. Rad1 Qe8 16. f3 exf3 17. exf3 Nd7 18. Rfe1 Bf6 19. Bxf6 Rxf6 20. f4 Qf8 21. Qb2 Ra6 22. Ng5 Nc5 23. Qc3 h6 24. Nf3 Ne4 25. Qb2 Rb6 26. Rb1 Qc5+ 27. Qd4 Qxd4+ 28. Nxd4 Nd2 29. c5 Nxb1 30. cxb6 Nc3 31. Rc1 Nd5 32. Bxd5 exd5 33. Rc5 Kf7 34. Rxa5 Ke7 35. Rc5 Kd6 36. b4 Rf8 37. Rc3 Re8 38. Kf2 Bd7 39. Nb3 Bc8 40. Nc5 d4 41. Rd3 Kd5 42. Rb3 h5 43. h4 Kc4 44. Rd3 Re7 45. Rb3 Be6 46. Rf3 Bd5 47. Rd3 Be4 48. Rd1 d3 49. Rc1+ Kb5 50. Ke3 Kxb6 51. Nxd3 Rg7 52. Rg1 Kb5 53. Nb2 Re7 54. Rc1 Bd5+ 55. Kf2 b6 56. Nd3 Re4 57. Ne5 c5 58. bxc5 bxc5 59. Nd3 c4 60. Nb2 Bc6 61. Rc3 Kc5 62. Rc1 Bb5 63. Rc3 Kd4 64. Rc2 c3 65. Nd1 Ba4 66. Rc1 Bxd1 67. Rxd1+ Kc4 68. a4 c2 69. Rc1 Kb3 70. a5 Kb2 71. Rxc2+ Kxc2 72. a6 Kd3 73. a7 Ra4 74. Kf3 Rxa7 75. Kg2 Ke3 76. Kh2 Kf3 77. g4 Ra2+ 78. Kg1 Ra1+ 79. Kh2 hxg4 80. h5 g3+ 81. Kh3 Rh1# 0-1

[Event "BRA Amateur-ch U1800"]
[Site "Sao Paulo"]
[Date "2022.11.04"]
[Round "4"]
[White "Campagnolo, Fabiola"]
[Black "De Oliveira, Tobias Luiz Carvalh"]
[Result "1-0"]
[WhiteElo "1679"]
[BlackElo "1219"]
[PlyCount "49"]
[EventDate "2022.11.03"]
[EventType "swiss"]
[EventRounds "7"]
[EventCountry "BRA"]
[SourceTitle "CBM 211 Extra"]
[Source "ChessBase"]
[SourceDate "2023.01.31"]
[SourceVersion "1"]
[SourceVersionDate "2023.01.31"]
[SourceQuality "1"]

1. d4 Nf6 2. e3 d5 3. Bd3 e6 4. f4 c5 5. c3 Nc6 6. Nf3 Bd6 7. Nbd2 0-0 8. Ne5 cxd4 9. exd4 Nd7 10. Qh5 Nf6 11. Qf3 Bxe5 12. fxe5 Nd7 13. Qh3 h6 14. 0-0 Qe7 15. Rf3 f6 16. Rg3 Kh8 17. Nf3 fxe5 18. Bxh6 Kg8 19. Bxg7 Qxg7 20. Rxg7+ Kxg7 21. Qh7+ Kf6 22. Rf1 Rd8 23. Nxe5+ Kg5 24. Qg6+ Kh4 25. Rf4# 1-0

[Event "Niteroi op 2nd"]
[Site "Niteroi"]
[Date "2022.09.02"]
[Round "3"]
[White "Ferreira, Marcone Fiuza"]
[Black "Campagnolo, Fabiola"]
[Result "1-0"]
[WhiteElo "1991"]
[BlackElo "1702"]
[PlyCount "85"]
[EventDate "2022.09.01"]
[EventType "swiss"]
[EventRounds "9"]
[EventCountry "BRA"]
[SourceTitle "CBM 210 Extra"]
[Source "ChessBase"]
[SourceDate "2022.11.30"]
[SourceVersion "1"]
[SourceVersionDate "2022.11.30"]
[SourceQuality "1"]

1. e4 c5 2. Nf3 a6 3. c4 Nc6 4. Nc3 g6 5. d4 cxd4 6. Nxd4 Bg7 7. Be3 d6 8. Qd2 Nf6 9. Nxc6 bxc6 10. f3 Rb8 11. Be2 0-0 12. 0-0 Bd7 13. Rfd1 Qa5 14. c5 Ne8 15. Nd5 Qd8 16. Nb6 Bc8 17. Rab1 Be6 18. Qa5 Nc7 19. Qa4 Qe8 20. cxd6 exd6 21. Rxd6 Nb5 22. Rdd1 f5 23. Bc4 Rf7 24. Qb3 Bxc4 25. Qxc4 fxe4 26. fxe4 Kh8 27. a4 Re7 28. axb5 Rxe4 29. Qc5 Rxe3 30. bxc6 Bf8 31. Qd4+ Bg7 32. Qd7 Re7 33. Qxe8+ Rbxe8 34. Nd5 Re4 35. b3 Rc8 36. Rbc1 Bd4+ 37. Kh1 Be3 38. Rc3 Bd4 39. Rc4 Rce8 40. g3 Bg7 41. Rxe4 Rxe4 42. c7 Re8 43. Nb6 1-0

[Event "Niteroi op 2nd"]
[Site "Niteroi"]
[Date "2022.09.01"]
[Round "1"]
[White "Campagnolo, Fabiola"]
[Black "Gauche, Charles"]
[Result "0-1"]
[WhiteElo "1702"]
[BlackElo "2219"]
[PlyCount "62"]
[EventDate "2022.09.01"]
[EventType "swiss"]
[EventRounds "9"]
[EventCountry "BRA"]
[SourceTitle "CBM 210 Extra"]
[Source "ChessBase"]
[SourceDate "2022.11.30"]
[SourceVersion "1"]
[SourceVersionDate "2022.11.30"]
[SourceQuality "1"]

1. e4 e5 2. Nf3 Nf6 3. Nc3 Nc6 4. d4 exd4 5. Nxd4 d6 6. Be2 Be7 7. 0-0 0-0 8. f4 Nxd4 9. Qxd4 c6 10. Be3 Bg4 11. f5 Bxe2 12. Nxe2 Ng4 13. Bf4 Re8 14. h3 Ne5 15. Rad1 Qa5 16. Nc3 Bf6 17. b4 Nf3+ 18. Rxf3 Bxd4+ 19. Rxd4 Qb6 20. Rfd3 a5 21. bxa5 Rxa5 22. Kh2 Ra3 23. Rxd6 Qf2 24. Bd2 Qc5 25. Rd7 b5 26. g3 Qf2+ 27. Kh1 b4 28. Rd8 Ra8 29. Rxe8+ Rxe8 30. Na4 h5 31. Bxb4 Re5 0-1

[Event "Florianopolis op 8th"]
[Site "Florianopolis"]
[Date "2022.01.27"]
[Round "6"]
[White "Teshima, Ricardo Yoshida"]
[Black "Campagnolo, Fabiola"]
[Result "1-0"]
[WhiteElo "1913"]
[BlackElo "1714"]
[PlyCount "45"]
[EventDate "2022.01.24"]
[EventType "swiss"]
[EventRounds "10"]
[EventCountry "BRA"]
[SourceTitle "CBM 206 Extra"]
[Source "ChessBase"]
[SourceDate "2022.03.31"]
[SourceVersion "1"]
[SourceVersionDate "2022.03.31"]
[SourceQuality "1"]

1. Nf3 Nf6 2. b3 d5 3. Bb2 c5 4. e3 h6 5. Ne5 Bf5 6. Bb5+ Nbd7 7. f4 a6 8. Be2 e6 9. 0-0 Qc7 10. d3 b5 11. c4 b4 12. Nd2 Bd6 13. Nxd7 Qxd7 14. Bf3 Bh7 15. g3 Bc7 16. Qe2 0-0 17. Bxf6 gxf6 18. e4 Rfe8 19. Qg2 Rad8 20. Rae1 Bb6 21. Kh1 d4 22. e5 Rc8 23. Qh3 1-0

[Event "Pan American-ch U2000"]
[Site "Timbo"]
[Date "2021.12.05"]
[Round "9"]
[White "Campagnolo, Fabiola"]
[Black "Maia, Jonathan Cesar"]
[Result "1/2-1/2"]
[WhiteElo "1668"]
[BlackElo "1818"]
[PlyCount "101"]
[EventDate "2021.12.01"]
[EventType "swiss"]
[EventRounds "9"]
[EventCountry "BRA"]
[SourceTitle "CBM 205 Extra"]
[Source "ChessBase"]
[SourceDate "2022.01.31"]
[SourceVersion "1"]
[SourceVersionDate "2022.01.31"]
[SourceQuality "1"]

1. e4 c6 2. d4 d5 3. Nc3 a6 4. g3 dxe4 5. Nxe4 Bf5 6. Nc5 Qc8 7. Bg2 e6 8. Bf4 Nf6 9. Ne2 Nbd7 10. Nd3 Nd5 11. Bc1 Bd6 12. c4 N5f6 13. h3 h6 14. Nc3 Qc7 15. g4 Bxd3 16. Qxd3 c5 17. d5 exd5 18. Nxd5 Nxd5 19. Qxd5 0-0-0 20. Be3 Nf6 21. Qf5+ Qd7 22. Qxd7+ Rxd7 23. 0-0-0 Kc7 24. Rd2 b6 25. Rhd1 Be5 26. Rxd7+ Nxd7 27. Bd5 f6 28. Be6 Nb8 29. h4 Rd8 30. Rxd8 Kxd8 31. f4 Bd6 32. g5 fxg5 33. fxg5 hxg5 34. Bxg5+ Be7 35. Bf4 Nc6 36. h5 Nb4 37. Kb1 Bf6 38. Bf5 Nc6 39. h6 gxh6 40. Bxh6 Kc7 41. Bf4+ Be5 42. Bxe5+ Nxe5 43. b3 Kd6 44. Kc2 Nc6 45. Kc3 Ke5 46. Bd7 Nb8 47. Be8 a5 48. Bb5 Ke4 49. a3 Ke3 50. b4 axb4+ 51. axb4 1/2-1/2